| 000 | 00545nam a22002057a 4500 | ||
|---|---|---|---|
| 005 | 20240123104916.0 | ||
| 008 | 240116b |||||||| |||| 00| 0 eng d | ||
| 020 |
_a9780415386661 _cRs. 395.00 |
||
| 040 | _aMAIN | ||
| 082 |
_a778.59 _bM823P |
||
| 100 | _aMorgan, Vivien | ||
| 245 | _aPractising videojournalism | ||
| 260 |
_aOxon _bRoutledge _c2009 |
||
| 300 | _aviii, 182 | ||
| 650 | _aVideo Journalism | ||
| 650 | _aVideo Recordings Production | ||
| 650 | _aDigital Video-Editing | ||
| 650 | _aBroadcast Journalism | ||
| 942 | _cBK | ||
| 999 |
_c313586 _d313586 |
||